Gaming Quiz

Random Gaming or Video Games Quiz

A Pokémon Logic Puzzle Quiz Stats

Quiz Updated Jun 4, 2015

Challenge
Share
Tweet
Score 0/30 Timer 15:00
28 Plays Today
hint answer % Correct
1???
100%
6???
52.3%
2???
43.6%
11???
39.7%
3???
38.6%
4???
38.1%
7???
37.3%
18???
34.5%
17???
33%
29???
32.3%
20???
28.2%
12???
26.6%
16???
26%
15???
24.2%
23???
23.9%
hint answer % Correct
5???
21.7%
21???
20.8%
26???
17%
28???
14.5%
30???
14.1%
24???
13.3%
8???
11.9%
22???
11.1%
14???
11%
10???
10.6%
25???
10.1%
19???
9.9%
13???
9.6%
9???
8.7%
27???
8%

You're not logged in!

Compare scores with friends on all Sporcle quizzes.
Sign Up with Email
OR
Log In

You Might Also Like...

Show Comments

Extras

Top Quizzes Today


Score Distribution

Your Account Isn't Verified!

In order to create a playlist on Sporcle, you need to verify the email address you used during registration. Go to your Sporcle Settings to finish the process.